HP CD-Writer Plus 8100 : Zariadenie umožňujúce uschovávať údaje aj na prepisovateľnom médiu cd-rw

Bibliographic Details
Main Author: Macko, Ondrej (Author)
Format: Article
Language:Slovak

MARC

LEADER 00000nab a2200000 a 4500
001 vtls010734758
003 SK-MaSNL
005 20260304192056.0
008 250709s1999 xo |||||||||||||||||slo|
035 |a (urnnbn)urn:nbn:sk:snk:ar-a05f0u 
035 |a (uuid)9193cdb6-035a-469e-b025-f116ad755c30 
035 |a urn:nbn:sk:snk-ab3wjn 
040 |a SNKBUCL  |b slo  |c SNKBUCL  |e AACR2 
041 0 |a slo 
044 |a xo  |c SK 
100 1 |a Macko, Ondrej  |4 aut  |9 270160 
245 1 0 |a HP CD-Writer Plus 8100 :  |b Zariadenie umožňujúce uschovávať údaje aj na prepisovateľnom médiu cd-rw  |c Ondrej Macko 
773 0 |t PC revue : sprievodca digitálnym svetom  |g Roč. 7, č. 1 (1999), s. 48-49 
850 |a Slovenská národná knižnica 
852 |a Slovenská národná knižnica 
954 |a odborná, vedecká literatúra pôvodná (slovenská)  |2 lita 
958 |a article1 
958 |a OND 
958 |a EUIPO 
999 |c 3058813  |d 3060743